000 00194 a2200097 4500
245 _aVANITY FAIR
_hText
100 _aTHACKERAY, W.M
650 _aEnglish Novel
005 20191017173114.0
260 _c1847
084 _aNONE
999 _c9805
_d9805